Neft'janoj šok.
Vývoj ceny ropy a kurzu dolára od začiatku krízy v Perskom zálive - údaje. Príčiny poklesu hodnoty dolára. Názory odborníkov na budúci rozvoj svetového hospodárstva v tom prípade, ak by sa natrvalo zvýšila cena ropy o 25 perc. Údaje o situácii a postojoch USA, SRN, Japonska. Vplyv ropnej krízy na ho...
Salvato in:
| Autore principale: | |
|---|---|
| Natura: | Capitolo di libro |
| Lingua: | russo |
| Soggetti: | |
| Tags: |
Nessun Tag, puoi essere il primo ad aggiungerne!!
|
MARC
| LEADER | 00000naa a2200000 4500 | ||
|---|---|---|---|
| 001 | r003209 | ||
| 005 | 20220819192155.5 | ||
| 041 | 0 | |a rus | |
| 044 | |a [YU] | ||
| 245 | 1 | 0 | |a Neft'janoj šok. |c D. Jovovic |
| 520 | |a Vývoj ceny ropy a kurzu dolára od začiatku krízy v Perskom zálive - údaje. Príčiny poklesu hodnoty dolára. Názory odborníkov na budúci rozvoj svetového hospodárstva v tom prípade, ak by sa natrvalo zvýšila cena ropy o 25 perc. Údaje o situácii a postojoch USA, SRN, Japonska. Vplyv ropnej krízy na hospodárstvo niektorých rozvojových krajín. | ||
| 610 | 2 | 0 | |a ropa |
| 610 | 2 | 0 | |a ceny |
| 610 | 2 | 0 | |a kurz výmenný |
| 610 | 2 | 0 | |a dolár |
| 610 | 2 | 0 | |a USA |
| 610 | 2 | 0 | |a Nemecko |
| 610 | 2 | 0 | |a Japonsko |
| 610 | 2 | 0 | |a 1991 |
| 610 | 2 | 0 | |a krajiny rozvojové |
| 100 | 1 | |a Jovovic, D. | |